000 01161cam a22003377a 4500
003 CHAP
005 20220329140718.0
008 971013s1984 r 00010 d
010 _a56378
011 _a57350
035 _a61505
040 _cCHAP
082 _a575.1
_bZ4
100 0 0 _aZentella de Piña, Martha.
_9123901
245 1 3 _aEl sustrato químico de la herencia
_b: los genes a nivel molecular
260 _aMéxico, D.F. :
_bCECSA,
_c1984
300 _a110 p.
_b: ilus.
490 0 _aConceptos básicos de las ciencias biológicas
_v; 7
590 _aBATCH-UPD
_b10
_c20130110
_lUCH01
_h0707
590 _aBATCH-UPD
_b10
_c20130410
_lUCH01
_h0353
590 _aBATCH-UPD
_b10
_c20130914
_lUCH01
_h0644
590 _aCONVERSION
_b10
_c20130109
_lUCH01
_h1330
650 1 4 _aBioquímica.
_912849
650 1 4 _aHerencia.
_953725
700 0 _aPeña Garza, Enrique.
_986790
830 0 _aConceptos básicos de las ciencias biológicas
_v; 7
_926291
901 _aBK
942 _cLIBRO
949 _a575.1 Z4
_bBC
_cLIBRO
_d33724000462222
_eLIBRO
_fc.2
_gI.c/e
_h64677
_i61505
_si
949 _a575.1 Z4
_bBC
_cLIBRO
_d33724000462230
_eLIBRO
_gI.c/e
_h64676
_i61505
_si
999 _c56378
_d56378